qué estoy haciendo aquí? y otros poemas hablados

Gorde:
Xehetasun bibliografikoak
Egile nagusia: Antin, David
Beste egile batzuk: Anwandter, Andrés (traductor)
Formatua: Ezezaguna
Hizkuntza:ingelesa
Argitaratua: Valdivia, Chile. Ediciones Universidad Austral de Chile, 2021
Gaiak:
Etiketak: Etiketa erantsi
Etiketarik gabe, Izan zaitez lehena erregistro honi etiketa jartzen!

MARC

LEADER 00000 a2200000 4500
003 CL-VaPUC
005 20211007125626.0
008 210510b ||||| |||| 00| 0 eng d
999 |c 432949  |d 432947 
020 |a 9789563901436 
040 |c Pontificia Universidad Católica de Valparaíso 
082 |a 811.09 ANT 2021  
100 |a Antin, David  |9 860876 
245 |a qué estoy haciendo aquí?  |b y otros poemas hablados  
260 |a Valdivia, Chile.   |b Ediciones Universidad Austral de Chile,   |c 2021 
300 |a 125 páginas  
583 |k Cristina Rojas  |c 20210511 
650 0 |9 301705  |a Poesías estadounidenses 
650 0 |a Poemas hablados  |9 861593 
700 |a Anwandter, Andrés  |e traductor  |9 861350 
942 |2 ddc  |c BK 
952 |0 0  |1 0  |2 ddc  |4 0  |6 811_090000000000000_ANT_2021  |7 0  |8 A  |9 578047  |a BIBART  |b BIBART  |d 2021-06-07  |e 135  |g 16000.00  |i 5584183  |o 811.09 ANT 2021  |p 5584183  |r 2025-03-13  |t 1  |v 16000.00  |w 2021-06-07  |y BK  |k ART